Las trayectorias escolares universitarias en un tablero de serpientes y escaleras / (Record no. 198119)
[ view plain ]
| 000 -CABECERA | |
|---|---|
| campo de control de longitud fija | 00944nam a2200253 a 4500 |
| 005 - FECHA Y HORA DE LA ÚLTIMA TRANSACCIÓN | |
| campo de control | 20260205064027.0 |
| 008 - ELEMENTOS DE LONGITUD FIJA--INFORMACIÓN GENERAL | |
| campo de control de longitud fija | 180807s2017 mx r 000 0 spa d |
| 020 ## - NÚMERO INTERNACIONAL NORMALIZADO PARA LIBROS | |
| Número Internacional Estándar del Libro | 9786074511307 |
| 035 ## - NÚMERO DE CONTROL DEL SISTEMA | |
| Número de control de sistema | UPN01000226023 |
| 049 ## - COLECCIÓN | |
| Colección | CG |
| 050 #4 - SIGNATURA TOPOGRÁFICA DE LA BIBLIOTECA DEL CONGRESO | |
| Número de clasificación | LA428.7 |
| Número de documento/Ítem | M5.7 |
| 100 1# - ASIENTO PRINCIPAL--NOMBRE PERSONAL | |
| Nombre de persona | Miller, Dinorah |
| 9 (RLIN) | 42343 |
| 245 14 - MENCIÓN DE TÍTULO | |
| Título | Las trayectorias escolares universitarias en un tablero de serpientes y escaleras / |
| Mención de responsabilidad, etc. | coord. Adrián de Garay ; Dinorah Miller, Iván Montoya. |
| 260 ## - PUBLICACIÓN, DISTRIBUCIÓN, ETC. | |
| Lugar de publicación, distribución, etc. | México : |
| Nombre del editor, distribuidor, etc. | ANUIES, |
| Fecha de publicación, distribución, etc. | c2017. |
| 300 ## - DESCRIPCIÓN FÍSICA | |
| Extensión | 187 p. : |
| Otras características físicas | tablas, cuadros, gráfs. |
| 440 #0 - MENCIÓN DE SERIE/ASIENTO SECUNDARIO--TÍTULO | |
| Título | Temas de hoy en la educación superior ; |
| Designación de volumen o secuencia | 37 |
| 650 #4 - ASIENTO SECUNDARIO DE MATERIA - TERMINO TEMATICO | |
| Término de materia o nombre geográfico como elemento de entrada | Estudiantes universitarios |
| Subdivisión geográfica | México |
| Subdivisión general | Condiciones sociales |
| 9 (RLIN) | 23246 |
| 650 #4 - ASIENTO SECUNDARIO DE MATERIA - TERMINO TEMATICO | |
| Término de materia o nombre geográfico como elemento de entrada | Estudiantes universitarios |
| Subdivisión geográfica | México |
| Subdivisión general | Condiciones económicas |
| 9 (RLIN) | 23247 |
| 650 #4 - ASIENTO SECUNDARIO DE MATERIA - TERMINO TEMATICO | |
| Término de materia o nombre geográfico como elemento de entrada | EDUCACION - |
| Subdivisión general | VALORACION |
| 9 (RLIN) | 17542 |
| 700 1# - ASIENTO SECUNDARIO--NOMBRE DE PERSONAL | |
| Nombre de persona | Garay, Adrián de, |
| Término indicativo de función/relación | coord. |
| 700 1# - ASIENTO SECUNDARIO--NOMBRE DE PERSONAL | |
| Nombre de persona | Montoya, Iván, |
| Término indicativo de función/relación | coaut. |
| 905 ## - TIPO DE MATERIAL | |
| Tipo de material | Libro |
| Estado de retiro | Estado de pérdida | Fuente del sistema de clasificación o colocación | Estado dañado | No para préstamo | Código de colección | Localización permanente | Ubicación/localización actual | Ubicación en estantería | Fecha de adquisición | Total de préstamos | Clasificación | Código de barras | Fecha visto por última vez | Fecha del último préstamo | Número de copia | Tipo de ítem Koha |
|---|---|---|---|---|---|---|---|---|---|---|---|---|---|---|---|---|
| Library of Congress Classification | Colección General | Bib. Gregorio Torres Quintero | Bib. Gregorio Torres Quintero | Planta baja | 10/11/2023 | 2 | LA428.7 M5.7 | 326125 | 09/01/2024 | 01/12/2023 | 1 | Libro |
